000 00963nam a2200289Ia 4500
008 191130s2001##################000#0#eng##
020 _a9780877193678
022 _a62236
040 _aACL
_cACL
082 _a331 PHI
100 _aPhillips, Jack J
245 _aThe human resources scorecard : measuring the return on investment
_cJack J. Phillips, Ron D. Stone, Patricia Pulliam Phillips
260 _aBoston, MA
_bButterworth-Heinemann
_cc2001
300 _axviii, 518 p. : ill. ; 24 cm
500 _aIncludes bibliographical references and index
650 _aHuman capital - Cost effectiveness
650 _aLabor costs - Accounting
650 _aLabor economics
650 _aManpower planning
650 _aRate of return
650 _aWages and labor productivity - Measurement
700 _aPhillips, Patricia Pulliam
700 _aStone, Ron D
990 _a03900407ac10000c62e5ada1150651b3
991 _a425895
999 _c53207
_d53207